Expanding student assessment / (Record no. 20220)

000 -LEADER
fixed length control field 00952pam a2200253 a 4500
001 - CONTROL NUMBER
control field 3905448
005 - DATE AND TIME OF LATEST TRANSACTION
control field 20170118154835.0
008 - FIXED-LENGTH DATA ELEMENTS--GENERAL INFORMATION
fixed length control field 910416s1991 vaua b 000 0 eng
010 ## - LIBRARY OF CONGRESS CONTROL NUMBER
LC control number 91018470
020 ## - INTERNATIONAL STANDARD BOOK NUMBER
International Standard Book Number 0871201828 :
Terms of availability $14.95
050 00 - LIBRARY OF CONGRESS CALL NUMBER
Classification number LB3051 .E97 1991
245 00 - TITLE STATEMENT
Title Expanding student assessment /
Statement of responsibility, etc. edited by Vito Perrone.
260 ## - PUBLICATION, DISTRIBUTION, ETC. (IMPRINT)
Place of publication, distribution, etc. Alexandria, Va. :
Name of publisher, distributor, etc. Association for Supervision and Curriculum Development,
Date of publication, distribution, etc. c1991.
300 ## - PHYSICAL DESCRIPTION
Extent xi, 167 p. :
Other physical details ill. ;
Dimensions 23 cm.
504 ## - BIBLIOGRAPHY, ETC. NOTE
Bibliography, etc Includes bibliographical references.
650 #0 - SUBJECT ADDED ENTRY--TOPICAL TERM
Topical term or geographic name as entry element Educational tests and measurements
Geographic subdivision United States.
700 1# - ADDED ENTRY--PERSONAL NAME
Personal name Perrone, Vito.
942 ## - ADDED ENTRY ELEMENTS (KOHA)
Source of classification or shelving scheme
Koha item type Hard Covered Materials
Holdings
Withdrawn status Lost status Source of classification or shelving scheme Damaged status Not for loan Home library Current library Shelving location Date acquired Source of acquisition Total Checkouts Full call number Barcode Date last seen Price effective from Koha item type
          MACHAKOS UNIVERSITY LIBRARY MACHAKOS UNIVERSITY LIBRARY Technical section 18/01/2017 Donation(BFA)   LB3051 .E97 1991 29944 31/05/2018 18/01/2017 Hard Covered Materials
© Machakos University Library, Along The Highway, Machakos Wote Rd, Machakos, Kenya P.O. Box 136 - 90100 Machakos - Kenya

Tel: ( +254 ) 723 805829 OR Fax : 044-20353 OR Email: library@mksu.ac.ke